000 00668nam a22001937a 4500
005 20251108164955.0
008 250721s1993 xx 000 0 ara d
082 1 4 _a658.154/خير
100 1 _aالجزيري، خيري علي
245 1 0 _aإدارة مالية 2 /
264 1 _aالقاهرة :
_bجامعة القاهرة - التعليم المفتوح،
_c1993.
300 _a24ص
490 0 _aدراسات بكالوريس التجارة في المعاملات المالية والتجارية
650 1 7 _aالإدارة المالية
650 1 7 _aالإدارة
650 1 7 _aتقنيات الإدارة
942 _2ddc
_cBK
999 _c18805
_d18805